书目信息 |
| 题名: |
质量与权益
|
|
| 作者: | 张瑞芳, 卷主编 | |
| 分册: | ||
| 出版信息: | 济南 山东教育出版社 2015 |
|
| 页数: | 468页 | |
| 开本: | 24cm | |
| 丛书名: | 中国比较教育研究50年 | |
| 单 册: | ||
| 中图分类: | G40-059.3 | |
| 科图分类: | ||
| 主题词: | 比较教育学--bi jiao jiao yu xue | |
| 电子资源: | ||
| ISBN: | 978-7-5328-9151-1 | |
| 000 | 01101nam 2200301 450 | |
| 001 | 012001002824 | |
| 005 | 20131031100247.0 | |
| 010 | @a978-7-5328-9151-1@dCNY49.00 | |
| 099 | @aCAL 012016022784 | |
| 100 | @a20160128d2015 em y0chiy50 ea | |
| 101 | 0 | @achi |
| 102 | @aCN@b370000 | |
| 105 | @aak a 000yy | |
| 106 | @ar | |
| 200 | 1 | @a质量与权益@Azhi liang yu quan yi@e教师管理政策与实践@f本卷主编张瑞芳 |
| 210 | @a济南@c山东教育出版社@d2015 | |
| 215 | @a468页@c图@d24cm | |
| 225 | 2 | @a中国比较教育研究50年@Azhong guo bi jiao jiao yu yan jiu 50nian |
| 314 | @a张瑞芳, 1976年生。2003年毕业于北京师范大学教育学院, 获管理学硕士学位。 | |
| 320 | @a有书目 | |
| 330 | @a本书内容包括: 教师质量与教师地位、教师资格制度、师资配置与聘任、教师评价与待遇、教师权利与义务。 | |
| 410 | 0 | @12001@a中国比较教育研究50年 |
| 517 | 1 | @a教师管理政策与实践@Ajiao shi guan li zheng ce yu shi jian |
| 606 | 0 | @a比较教育学@Abi jiao jiao yu xue |
| 690 | @aG40-059.3@v5 | |
| 701 | 0 | @a张瑞芳,@Azhang rui fang@f1976-@4卷主编 |
| 801 | 2 | @aCN@b江苏凤凰@c20191020 |
| 905 | @b1230790-3@dG40-059.3@e1040@f4 | |
| 质量与权益:教师管理政策与实践/本卷主编张瑞芳.-济南:山东教育出版社,2015 |
| 468页:图;24cm.-(中国比较教育研究50年) |
| ISBN 978-7-5328-9151-1:CNY49.00 |
| 本书内容包括: 教师质量与教师地位、教师资格制度、师资配置与聘任、教师评价与待遇、教师权利与义务。 |
| ● |
| 相关链接 |
|
|
|
|
正题名:质量与权益
索取号:G40-059.3/1040
 
预约/预借
| 序号 | 登录号 | 条形码 | 馆藏地/架位号 | 状态 | 备注 |
| 1 | 1230790 | 212307902 | 第一样本阅览室/ [索取号:G40-059.3/1040] | 在馆 | |
| 2 | 1230791 | 212307911 | 教育系资料室/ [索取号:G40-059.3/1040] | 在馆 | |
| 3 | 1230792 | 212307920 | 教育系资料室/ [索取号:G40-059.3/1040] | 在馆 | |
| 4 | 1230793 | 212307939 | 第四借阅区/ [索取号:G40-059.3/1040] | 在馆 |